000 00599nam a2200205Ia 4500
008 191130s2004##################000#0#eng##
020 _a9780198606987
022 _a2004021958
040 _aACL
_cACL
082 _a780.1403 LAT
245 _aThe Oxford dictionary of musical terms
_cedited by Alison Latham
260 _aOxford
_bOxford University Press
_c2004
300 _a1 v. (unpaged) : ill. ; 20 cm.
650 _aMusic - Dictionaries
650 _aMusic - Terminology
700 _aLatham, Alison
990 _aa65955ddac10000c00a1f399fa327199
991 _a341116
999 _c62499
_d62499